Bud, not Buddy / (Record no. 33465)
[ view plain ]
| 000 -LEADER | |
|---|---|
| fixed length control field | 01539cam a2200481 a 4500 |
| 003 - CONTROL NUMBER IDENTIFIER | |
| control field | OCoLC |
| 005 - DATE AND TIME OF LATEST TRANSACTION | |
| control field | 20260205142009.0 |
| 008 - FIXED-LENGTH DATA ELEMENTS--GENERAL INFORMATION | |
| fixed length control field | 990120s1999 nyua c 000 1 eng |
| 001 - CONTROL NUMBER | |
| control field | 40744296 |
| 010 ## - LIBRARY OF CONGRESS CONTROL NUMBER | |
| LC control number | 99010614 |
| 020 ## - INTERNATIONAL STANDARD BOOK NUMBER | |
| International Standard Book Number | 0385323069 |
| 020 ## - INTERNATIONAL STANDARD BOOK NUMBER | |
| International Standard Book Number | 0439227534 |
| 035 ## - SYSTEM CONTROL NUMBER | |
| System control number | (Sirsi) i9780385323062 |
| 035 ## - SYSTEM CONTROL NUMBER | |
| System control number | GAP |
| 040 ## - CATALOGING SOURCE | |
| Original cataloging agency | DLC |
| Transcribing agency | DLC |
| Modifying agency | NHP |
| 042 ## - AUTHENTICATION CODE | |
| Authentication code | lcac |
| 049 ## - LOCAL HOLDINGS (OCLC) | |
| Holding library | NHPM,NHQF,NHP8,NHP$ |
| 099 ## - LOCAL FREE-TEXT CALL NUMBER (OCLC) | |
| Classification number | j CURTIS |
| 092 ## - LOCALLY ASSIGNED DEWEY CALL NUMBER (OCLC) | |
| Classification number | NEWBERY/2000 |
| 100 1# - MAIN ENTRY--PERSONAL NAME | |
| Personal name | Curtis, Christopher Paul. |
| 9 (RLIN) | 42395 |
| 245 10 - TITLE STATEMENT | |
| Title | Bud, not Buddy / |
| Statement of responsibility, etc | Christopher Paul Curtis. |
| 260 ## - PUBLICATION, DISTRIBUTION, ETC. (IMPRINT) | |
| Place of publication, distribution, etc | New York : |
| Name of publisher, distributor, etc | Delacorte Press, |
| Date of publication, distribution, etc | 1999. |
| 300 ## - PHYSICAL DESCRIPTION | |
| Extent | viii, 245 p. : |
| Other physical details | ill. ; |
| Dimensions | 22 cm. |
| 490 ## - SERIES STATEMENT | |
| Series statement | Newbery |
| 520 ## - SUMMARY, ETC. | |
| Summary, etc | Ten-year-old Bud, a motherless boy living in Flint, Michigan, during the Great Depression, escapes a bad foster home and sets out in search of the man he believes to be his father--the renowned bandleader, H.E. Calloway of Grand Rapids. |
| 500 ## - GENERAL NOTE | |
| General note | Newbery medal, 2000. |
| 598 ## - | |
| -- | NEWBERY |
| 590 ## - LOCAL NOTE (RLIN) | |
| Local note | 1595 |
| 650 ## - SUBJECT ADDED ENTRY--TOPICAL TERM | |
| Topical term or geographic name as entry element | Newbery Medal |
| 650 #0 - SUBJECT ADDED ENTRY--TOPICAL TERM | |
| Topical term or geographic name as entry element | Newbery Medal. |
| 9 (RLIN) | 6153092 |
| 650 #0 - SUBJECT ADDED ENTRY--TOPICAL TERM | |
| Topical term or geographic name as entry element | Coretta Scott King Award. |
| 9 (RLIN) | 97777 |
| 650 #1 - SUBJECT ADDED ENTRY--TOPICAL TERM | |
| Topical term or geographic name as entry element | Runaways |
| Form subdivision | Fiction. |
| 9 (RLIN) | 5715432 |
| 650 #0 - SUBJECT ADDED ENTRY--TOPICAL TERM | |
| Topical term or geographic name as entry element | African Americans |
| Form subdivision | Fiction. |
| 9 (RLIN) | 5677287 |
| 650 #0 - SUBJECT ADDED ENTRY--TOPICAL TERM | |
| Topical term or geographic name as entry element | Depressions |
| Chronological subdivision | 1929 |
| Form subdivision | Fiction. |
| 9 (RLIN) | 5717637 |
| 690 #7 - LOCAL SUBJECT ADDED ENTRY--TOPICAL TERM (OCLC, RLIN) | |
| Topical term or geographic name as entry element | Coretta Scott King award (author) |
| 898 ## - LOCAL SERIES ADDED ENTRY--MEETING NAME (RLIN) | |
| Meeting name or jurisdiction name as entry element | Juvenile |
| 910 ## - USER-OPTION DATA (OCLC) | |
| User-option data | CARL0001284648 |
| 940 ## - EQUIVALENCE OR CROSS-REFERENCE--UNIFORM TITLE [OBSOLETE] [CAN/MARC only] | |
| Uniform title | <a href="FIC CURTIS">FIC CURTIS</a> |
| Language of a work | st |
| -- | 099 |
| 942 ## - ADDED ENTRY ELEMENTS (KOHA) | |
| Koha item type | BOOK |
| 994 ## - | |
| -- | 02 |
| -- | NHP |
| 979 ## - | |
| -- | 442375 |
| 998 ## - LOCAL CONTROL INFORMATION (RLIN) | |
| -- | a72332 |
| Withdrawn status | Lost status | Source of classification or shelving scheme | Damaged status | Not for loan | Collection code | Home library | Current library | Shelving location | Date acquired | Source of acquisition | Cost, normal purchase price | Total Checkouts | Total Renewals | Full call number | Barcode | Date last seen | Date checked out | Cost, replacement price | Price effective from | Koha item type | Checked out |
|---|---|---|---|---|---|---|---|---|---|---|---|---|---|---|---|---|---|---|---|---|---|
| Dewey Decimal Classification | Junior Fiction | Wasatch County Library | Wasatch County Library | Main Floor Junior Area | 03/19/2018 | Amazon | 16.99 | 18 | 17 | J Curtis | 34301001723677 | 02/12/2026 | 01/05/2026 | 16.99 | 03/20/2020 | BOOK | |||||
| Dewey Decimal Classification | Junior Fiction | Wasatch County Library | Wasatch County Library | Main Floor Junior Area | 07/26/2021 | Donation | 8 | 12 | J Curtis | 34301001803594 | 03/04/2026 | 03/04/2026 | 6.50 | 07/26/2021 | BOOK | 04/30/2026 |
